000 00507nam a2200181 i 4500
001 149193
003 ES-MaACL
005 20250828030243.0
007 t|
008 071019s1973 sp |||| | spa d
100 1 _aVega y Relea, Juvenal de.
_9113635
245 1 3 _aLa familia y la educación /
_cJuvenal de Vega y Relea.
260 _aMadrid :
_bEdise,
_c1973.
300 _a295 p. ;
_c19 cm.
650 0 7 _aEducación familiar
_2embne
_912106
852 _aES-MaACL
_jC-54530
999 _c149193
_d149193